000 01372nam a2200313 a 4500
001 000043535
005 20260428073714.0
008 140324s2011 dr 000 0 spa d
020 _a9789945412482
040 _aDO-SdBNP
_bspa
_cBNPHU
082 _a070.44
_bP925p, 2010
111 2 _aPremios de FUNGLODE de periodismo
_d(2010:
_cSanto Domingo )
_971307
245 1 0 _aPremio de periodismo Rafael Herrera.
260 _aSanto Domingo :
_bFUNGLODE,
_c2011.
300 _a137 p. ;
_c26 cm.
490 1 _aPremios Funglode/GFDD 2010
_aperiodismo
_v4
505 0 _gPrimer lugar :
_tSerie de trabajos sobre Haití /
_rPanky Corcino --
_gSegundo lugar :
_tSerie Ecarnados de un puro ideal /
_rFernándo Quiroz --
_gTercer lugar
_tRadiografía hospitalaria /
_rFelivia Mejía --
650 0 _aEnsayos dominicanos
_965
650 4 _aPeriodísmo
_zRepública Dominicana
_936
650 0 _aLiteratura dominicana.
_967
650 4 _aCertámenes literarios
_91541
650 0 _aPremios literarios
_91542
700 1 2 _aCorcino, Panky
_cSeriede trabajos sobre Haití
_971308
700 1 2 _aQuiroz, Fernándo
_cSerie Ecarnados de un puro ideal
_971309
700 1 2 _aMejía, Felivia
_cRadiografía hospitalaria
_971310
710 2 2 _aFundación Global Democracía y Desarrollo
_925477
830 0 _aPremios Funglode/GFDD 2010
_pPreriodismo
_v4
_971311
910 _aValidado. Control de caldad MFF
999 _c43024
_d43024